|
|
|
|
| LEADER |
00000nab a2200000 a 4500 |
| 001 |
vtls008699841 |
| 003 |
SK-MaSNL |
| 005 |
20260304140621.0 |
| 008 |
250505c2005 xo |||||||||||000 b|slo |
| 015 |
|
|
|a SNBRB2006/05
|2 snkbucl
|
| 035 |
|
|
|a (uuid)ea211628-431e-40b0-8d58-396f429e8b98
|
| 035 |
|
|
|a urn:nbn:sk:snk-ab2eam
|
| 035 |
|
|
|a (urnnbn)urn:nbn:sk:snk:ar-a028st
|
| 038 |
|
|
|a SNKBUCL
|
| 040 |
|
|
|a SNKBUCL
|b slo
|c SNKBUCL
|e AACR2
|
| 041 |
0 |
|
|a slo
|b eng
|b slo
|
| 044 |
|
|
|a xo
|c SK
|
| 080 |
|
|
|a 637.54'6.04
|2 1997
|
| 080 |
|
|
|a 636.5.087.7
|2 1997
|
| 080 |
|
|
|a 579.62
|2 1997
|
| 245 |
0 |
0 |
|a Vplyv probiotického preparátu v KKZ brojlerových kurčiat ROSS 308 na chemické zloženie mäsa
|c Peter Haščík ... [et al.]
|
| 246 |
3 |
1 |
|a Effects of a probiotic preparation in complete diets for ROSS 308 broiler chickens on chemical composition of meat
|
| 300 |
|
|
|b Obr., tab.
|
| 504 |
|
|
|a Bibliogr. odkazy
|
| 546 |
|
|
|a Res. angl., slov.
|
| 650 |
0 |
7 |
|a hydinové mäso
|2 snkbucl
|9 65949
|
| 650 |
0 |
7 |
|a brojlery
|2 snkbucl
|9 23639
|
| 650 |
0 |
7 |
|a probiotiká
|2 snkbucl
|9 16784
|
| 650 |
0 |
7 |
|a Bacillus subtilis
|2 snkbucl
|9 1137322
|
| 650 |
0 |
7 |
|a Bacillus licheniformis
|2 snkbucl
|9 1457217
|
| 650 |
0 |
7 |
|a kŕmne zmesi
|2 snkbucl
|9 71250
|
| 650 |
0 |
7 |
|a kurčatá
|2 snkbucl
|9 18767
|
| 700 |
1 |
|
|a Haščík, Peter,
|d 1968-
|4 aut
|9 195043
|
| 700 |
1 |
|
|a Weis, Ján,
|d 1952-
|4 aut
|9 209479
|
| 700 |
1 |
|
|a Čuboň, Juraj,
|d 1957-
|4 aut
|9 193019
|
| 700 |
1 |
|
|a Kulíšek, Václav,
|d 1947-
|4 aut
|9 98487
|
| 700 |
1 |
|
|a Makovický, Peter
|4 aut
|9 567745
|
| 700 |
1 |
|
|a Kačániová, Miroslava,
|d 1971-
|4 aut
|9 188038
|
| 773 |
0 |
|
|t Acta fytotechnica et zootechnica
|g Roč. 8, č. 1 (2005), s. 20-24
|x 1335-258X
|
| 850 |
|
|
|a Slovenská národná knižnica
|
| 852 |
|
|
|a Slovenská národná knižnica
|
| 954 |
|
|
|a odborná, vedecká literatúra pôvodná (slovenská)
|2 lita
|
| 958 |
|
|
|a article27
|
| 958 |
|
|
|a NB
|
| 958 |
|
|
|a OND
|
| 958 |
|
|
|a EUIPO
|
| 999 |
|
|
|c 2915968
|d 2917898
|